000 00671nam a2200241Ia 4500
003 OSt
005 20220928124319.0
006 a|||||r|||| 00| 0
007 ta
008 220927b |||||||| |||| 00| 0 eng d
024 _a58694
037 _cTextual
040 _aSDCL
_cSDCL
_beng
041 _2eng
_aeng
082 _aR625x7,1,1, N1
100 _aGoswami Ashok Kumar
_9464327
245 0 _aA critique on sabda .
260 _aDelhi
_bSri Satguru Publications
_c1991
300 _axv.349p.
_ccm.
490 _aSri Garib Dass Oriental Series No.112.
942 _hR625x7,1,1, N1
_cTEXL
_2CC
999 _c777235
_d777235